Vplyv zdrojov financovania na výkon startupu

Úspech startupov a ich závislosť od nájdenia dostatočného množstva finančných zdrojov na ich rozvoj. Externé a interné formy financovania startupov. Hľadanie finančných zdrojov z externého prostredia – rodina, priatelia, banky, rizikový kapitál, štátna podpora, crowdfunding a mnohé iné.

Enregistré dans:
Détails bibliographiques
Auteur principal: Bednár, Richard, 1985-
Format: Chapitre de livre
Langue:slovaque
Sujets:
Tags: Ajouter un tag
Pas de tags, Soyez le premier à ajouter un tag!

MARC

LEADER 00000naa$a2200000$$$4500
001 0281094
005 20240502074352.2
041 0 |a slo 
044 |a SK 
245 1 0 |a Vplyv zdrojov financovania na výkon startupu  |c Richard Bednár 
520 |a Úspech startupov a ich závislosť od nájdenia dostatočného množstva finančných zdrojov na ich rozvoj. Externé a interné formy financovania startupov. Hľadanie finančných zdrojov z externého prostredia – rodina, priatelia, banky, rizikový kapitál, štátna podpora, crowdfunding a mnohé iné. 
610 2 0 |a start-up 
610 2 0 |a zdroje finančné 
610 2 0 |a výkonnosť podniku 
610 2 0 |a investori 
610 2 0 |a kapitál rizikový 
610 2 0 |a úspory 
610 2 0 |a podnikanie 
100 1 |a Bednár, Richard, 1985-